Представление документа в формате RUSMARC

ПолеНазваниеЗначение
  Тип записи i
  Библиографический уровень m
001 Контрольный номер LIBNET\0000302978
005 Дата корректировки 20201206205022.2
010 Индекс ISBN __
d Цена 240-00
100 Данные общей обработки __
a Данные общей обработки 19161017d2011||||||| 0rusy0189 ca
101 Язык документа 1_
a Язык текста rus
c Язык оригинала eng
102 Страна публикации __
a Страна публикации RU|
105 Кодированные данные (монография) __
a Кодированные данные (монография) nn|||||||||zy
200 Заглавие и сведения об ответственности 1_
a Заглавие Дневник
e Сведения, относящиеся к заглавию [18+]
f Первые сведения об ответственности Чак Паланик ; [читает Наталья Михеева]
b Общее обозначение материала Звукозапись
210 Выходные данные __
a Место издания Москва
c Издательство Аудиокнига
d Дата издания 2011
215 Физическое описание __
a Объем 1 электрон. опт. диск (Audio CD)
c Иллюстрации/тип воспроизводства зв.
d Формат 12х14 см
225 Серия __
a Серия Бестселлер
230 Специфическая характеристика материала: электронные ресурсы __
a Обозначение и объем ресурса Электронные звуковые данные
300 Общие примечания __
a Общие примечания Заглавие с этикетки диска
323 Примечание о главных создателях, исполнителях, участниках __
a Примечание о главных создателях, исполнителях, участниках Михеева, Н. (читает)
330 Аннотация __
a Аннотация Обычный мир превращается в кошмар: в колонии художников из домов исчезают комнаты, а на стенах появляются загадочные послания. Время и пространство изменяются в такт полету фантазии теряющей разум талантливой художницы, ведущей ДНЕВНИК происходящего. Бред? Безумие?..
333 Примечание о целевом назначении __
a Примечание о целевом назначении 18+. Запрещено для детей
337 Примечание о системных требованиях (электронные ресурсы) __
a Примечание о системных требованиях (электронные ресурсы) Системные требования: CD-плеер с поддержкой MP3 или Pentium-233 с Windows 9x-XP ; CD-ROM ; звуковая карта
606 Тематические рубрики __
a Основная рубрика Художественная литература
606 Тематические рубрики __
a Основная рубрика Литература Америки (произведения)
610 Ключевые слова __
a Ключевые слова американская литература
a Ключевые слова тема безумия
a Ключевые слова тема творчества
a Ключевые слова тема художников
a Ключевые слова триллеры
686 Индексы других классификаций __
2 Код системы rubbks
a Классификационный индекс 84(7Сое)6-4я04
700 Автор _1
a Фамилия Паланик
b Имя Ч.
f Даты 1962-
g Полное личное имя Чак
4 Код отношения 070
801 Источник записи _0
a Страна RU
b Организация Муниципальное бюджетное учреждение культуры "Централизованная библиотечная система" г. Сургут (Центральная городская библиотека им. А. С. Пушкина)
c Дата составления 20161017
g Правила каталогизации КиК/Котельникова
801 Источник записи _1
a Страна RU
b Организация Муниципальное бюджетное учреждение культуры "Централизованная библиотечная система" г. Сургут (Центральная городская библиотека им. А. С. Пушкина)
c Дата составления 20161017
g Правила каталогизации КиК/Котельникова
852 Данные о местонахождении __
j Шифр хранения 84(7Сое)6-4я04
i Авторский знак П 14
901 Тип документа __
t Тип документа 0
903 Характеристики (МАРС) __
a Дата передачи 20161017
969 Тип издания __
a Тип издания издание для слепых; аудиокнига
990 Данные о заказе (DOS) __
j Количество экземпляров (DOS) 2
t N записи в КСУ для И/У (DOS) 201610